Global 100 Ltd v Carlos Jimenez and ors (Record no. 121690)
[ view plain ]
| 000 -LEADER | |
|---|---|
| fixed length control field | 01439nas a22001817a 4500 |
| 007 - PHYSICAL DESCRIPTION FIXED FIELD--GENERAL INFORMATION | |
| fixed length control field | ta |
| 008 - FIXED-LENGTH DATA ELEMENTS--GENERAL INFORMATION | |
| fixed length control field | 231031s2023 xxk||||os||||o00| 0 eng d |
| 041 ## - LANGUAGE CODE | |
| Language code of text/sound track or separate title | eng |
| 245 ## - TITLE STATEMENT | |
| Title | Global 100 Ltd v Carlos Jimenez and ors |
| 260 ## - PUBLICATION INFORMATION | |
| Place of publication | [2023] EWCA 1243, |
| Publisher | Court of Appeal |
| Date | 20 January 2023 |
| 520 ## - ABSTRACT | |
| Abstract | The Court of Appeal held that two properties that were occupied by property guardians constituted houses in multiple occupation (HMOs) which should have been licensed under the Housing Act 2004. This was a hearing of two appeals from decisions of the Upper Tribunal (Lands Chamber). Both appeals raised an issue about whether the use made by “property guardians” of their “living accommodation” constituted “the only use of that accommodation” for the purposes of section 254(2)(d) of the Housing Act 2004, meaning that the relevant properties in these appeals were a “house in multiple occupation” (HMO) for the purposes of section 254 of the Housing Act 2004. The Upper Tribunal had dismissed appeals from decisions of the First-tier Tribunal (Property Chamber) (the FTT) which had found that the relevant properties constituted HMOs. |
| 650 ## - KEYWORDS | |
| Keywords | PROPERTY GUARDIANS |
| 650 ## - KEYWORDS | |
| Keywords | HOUSING ACT 2004 |
| 650 ## - KEYWORDS | |
| Keywords | HOUSES OF MULTIPLE OCCUPATION |
| 650 ## - KEYWORDS | |
| Keywords | LICENSING |
| 651 ## - SUBJECT ADDED ENTRY--GEOGRAPHIC NAME | |
| Geographic name | United Kingdom |
| 856 ## - ONLINE RESOURCE | |
| Uniform Resource Identifier | https://caselaw.nationalarchives.gov.uk/ewca/civ/2023/1243 |
| Public note | Available on the National Archives case law database |
| Withdrawn status | Lost status | Damaged status | Koha normalized classification for sorting | Not for loan | Home library | Current library | Shelving location | Date acquired | Total Checkouts | Full call number | Date last seen | Price effective from | Koha item type |
|---|---|---|---|---|---|---|---|---|---|---|---|---|---|
| ONLINE_JUDGMENT | Virtual | Virtual | Online | 31/10/2023 | ONLINE JUDGMENT | 31/10/2023 | 31/10/2023 | Law report |